<?xml version="1.0" encoding="UTF-8"?>
<record
    xmlns:xsi="http://www.w3.org/2001/XMLSchema-instance"
    xsi:schemaLocation="http://www.loc.gov/MARC21/slim http://www.loc.gov/standards/marcxml/schema/MARC21slim.xsd"
    xmlns="http://www.loc.gov/MARC21/slim">

  <leader>00739nam a2200157Ia 4500</leader>
  <controlfield tag="008">210324s9999||||xx |||||||||||||| ||und||</controlfield>
  <datafield tag="040" ind1=" " ind2=" ">
    <subfield code="c">STCPL</subfield>
  </datafield>
  <datafield tag="041" ind1=" " ind2=" ">
    <subfield code="h">ENG</subfield>
  </datafield>
  <datafield tag="082" ind1=" " ind2=" ">
    <subfield code="a">231.2</subfield>
    <subfield code="b">SYM-S</subfield>
  </datafield>
  <datafield tag="100" ind1=" " ind2=" ">
    <subfield code="a">Symposium A.</subfield>
  </datafield>
  <datafield tag="245" ind1=" " ind2="0">
    <subfield code="a">Son and saviour</subfield>
  </datafield>
  <datafield tag="260" ind1=" " ind2=" ">
    <subfield code="a">Newdelhi</subfield>
    <subfield code="b">Geoffrey Chapman</subfield>
    <subfield code="c">1962</subfield>
  </datafield>
  <datafield tag="300" ind1=" " ind2=" ">
    <subfield code="a">159, 22CM.</subfield>
  </datafield>
  <datafield tag="650" ind1=" " ind2=" ">
    <subfield code="a">GodGod The SonAPPLICATIONS OF TWO OSCULATORY FORMULAS, SOME SIMPLE DEVELOPMENTS IN THE USE OF THE COEFFICIENT OF STABILITY, MOMENTS OF ANY RATIONAL INTEGRAL ISOBARIC SAMPLE MOMENT FUNCTION, NUMERICAL EVALUATION OF DOUBLE SERIES, METHODS OF OBTAINING PROBABILITY DISTRIBUTIONS, BINOMIAL DISTRIBUTION, A SIMPLE FORM OF PERIODOGRAM, A PROBLEM IN LEAST SQUARES, THE TYPE B GRAM-CHARLIER SERIES</subfield>
  </datafield>
  <datafield tag="942" ind1=" " ind2=" ">
    <subfield code="c">BK</subfield>
  </datafield>
  <datafield tag="999" ind1=" " ind2=" ">
    <subfield code="c">9502</subfield>
    <subfield code="d">9502</subfield>
  </datafield>
  <datafield tag="952" ind1=" " ind2=" ">
    <subfield code="0">0</subfield>
    <subfield code="1">0</subfield>
    <subfield code="4">0</subfield>
    <subfield code="7">0</subfield>
    <subfield code="a">STCPL</subfield>
    <subfield code="b">STCPL</subfield>
    <subfield code="c">D 22 A</subfield>
    <subfield code="d">2021-07-10</subfield>
    <subfield code="g">11.25</subfield>
    <subfield code="l">0</subfield>
    <subfield code="o">231.2 SYM-S</subfield>
    <subfield code="p">16288</subfield>
    <subfield code="r">2021-07-10 00:00:00</subfield>
    <subfield code="w">2021-07-10</subfield>
    <subfield code="y">BK</subfield>
  </datafield>
</record>
